000 01956nam a22004457a 4500
001 1555
003 FISKH
005 20230906151928.0
008 230906b cb ||||| |||| 00| 0 eng d
020 _a9781626862364
020 _a9788175994478
020 _a1626862362
040 _aDLC
_beng
_cDLC
_erda
_dDLC
_dFISKH
042 _apcc
043 _an-us---
_an-us-la
050 0 0 _aE444
_b.N87 2014
082 0 0 _a306.3/62092
_aB
_223
100 1 _aNorthup, Solomon,
_d1808-1863?
240 1 0 _aTwelve years a slave
245 1 0 _a12 years a slave :
_bA true story /
_cSolomon Northup.
264 1 _aNew Delhi :
_bPrakash Books,
_c2022
300 _axii, 255 pages :
_c20 cm
336 _atext
_2rdacontent
337 _aunmediated
_2rdamedia
338 _avolume
_2rdacarrier
500 _aOriginally published: Auburn, N.Y. : Derby and Miller, 1853.
520 _aSolomon Northup's 12 Years a Slave recounts the author's life story as a free black man from the North who was kidnapped and sold into slavery in the pre-Civil War South. The son of an emancipated slave, Northup was born free. He lived, worked, and married in upstate New York, where his family resided.
521 8 _a1200
_bLexile
600 1 0 _aNorthup, Solomon,
_d1808-1863?
650 0 _aEnslaved persons
_zUnited States
_vBiography.
650 0 _aEnslaved persons' writings, American.
650 0 _aAfrican Americans
_vBiography.
650 0 _aPlantation life
_zLouisiana
_xHistory
_y19th century.
650 0 _aSlavery
_zLouisiana
_xHistory
_y19th century.
856 4 2 _3Contributor biographical information
_uhttp://www.loc.gov/catdir/enhancements/fy1502/2013049942-b.html
856 4 2 _3Publisher description
_uhttp://www.loc.gov/catdir/enhancements/fy1502/2013049942-d.html
906 _a7
_bcbc
_corignew
_d1
_eecip
_f20
_gy-gencatlg
942 _2ddc
_cBK
_n0
999 _c1555
_d1555